Statistics for Countries With The Highest Obesity Rate

Click here to take the quiz!

General Stats

  • This quiz has been taken 32 times
  • The average score is 33 of 50

Answer Stats

%Country% Correct
42.1United States
96%
31.0Canada
89%
32.6Mexico
89%
28.2United Kingdom
89%
30.8Argentina
85%
29.4Brazil
85%
50.9Tuvalu
85%
34.2United Arab Emirates
85%
29.9Australia
81%
30.0Chile
81%
66.2Nauru
81%
38.7Saudi Arabia
81%
35.8Egypt
78%
32,9New Zealand
78%
29.0Oman
78%
60.8Palau
78%
37.1Qatar
78%
44.8FS Micronesia
74%
39.6Jordan
74%
50.2Tonga
74%
34.1Turkey
74%
30.3Bahrain
70%
56.5Marshall Islands
70%
52.3Samoa
70%
25.8Iran
67%
26.6Ireland
67%
47.6Kiribati
67%
32.1Iraq
63%
25.2Jamaica
63%
33.5Lebanon
63%
28.7Syria
63%
34.0Bahamas
59%
26.2El Salvador
59%
41.7Kuwait
59%
30.1Uruguay
59%
29.5Algeria
56%
27.6Costa Rica
56%
33.8Libya
56%
25.1Panama
56%
25.4Venezuela
56%
31.8Dominican Republic
52%
27.3Morocco
52%
27.7Tunisia
52%
29.8Malta
41%
30.5South Africa
41%
26.1Suriname
37%
25.5Bulgaria
30%
28.0Hungary
26%
26.9Lithuania
22%
25.9Czech Republic
19%

Score Distribution

Percentile by Number Answered

Percent of People with Each Score

Your Score History

You have not taken this quiz